| 000 | 01024nas1a22003011i 4500 | ||
|---|---|---|---|
| 001 | RU\NLR\BIBL_A\022176866 | ||
| 005 | 20260407172736.0 | ||
| 035 | _a(NLR Aleph) 022176866 | ||
| 090 |
_a12969732 _c12969732 |
||
| 100 | _a20240322a20249999|||y0rusy50 ca | ||
| 101 | 0 | _arus | |
| 102 | _aRU | ||
| 110 | _aafuzz 0|y| | ||
| 181 | 0 |
_ai _baxxe |
|
| 182 | 0 | _an | |
| 200 | 1 |
_aТакие дела _fТолока |
|
| 203 |
_aТекст _bвизуальный _cнепосредственный |
||
| 207 | 0 | _a2024, № 1 (1) (февр.) - | |
| 210 |
_aСмоленск _cТолока _d2024 - |
||
| 606 | 1 |
_aЖурналы универсального содержания _yСмоленск, город _92614449 _3RU\NLR\AUTH\661551007 |
|
| 686 | 1 | _aЯ52(2Р-4См-2С) | |
| 712 | 0 | 2 |
_4570 _a"Толока", издательский дом _cСмоленск _3RU\NLR\AUTH\8810109547 _9719176 |
| 852 |
_aNLR _jП2/1364 |
||
| 942 | _cJOURNAL | ||
| 980 | _aRUSPER | ||